Aus welcher Stadt kommt dieser Fußballverein? - Statistiken

Allgemein
  • Dieses Quiz wurde 179 mal gespielt
  • Das Durchschnittsergebnis liegt bei 12 aus 25
Antwortstatistiken
Fußballverein Stadt % Korrekt
FC St. Pauli Hamburg
100%
FC Schalke 04 Gelsenkirchen
97%
FC Chelsea London
89%
Tottenham Hotspur London
82%
TSG 1899 Hoffenheim Sinsheim
81%
BSC Young Boys Bern
78%
BFC Dynamo Berlin
74%
FC Everton Liverpool
72%
Crystal Palace London
69%
Aston Villa Birmingham
54%
KFC Uerdingen 05 Krefeld
48%
St Patrick’s Athletic Dublin
47%
SV Babelsberg 03 Potsdam
46%
SG Wattenscheid 09 Bochum
43%
Servette FC Genf
42%
Brøndby IF Kopenhagen
38%
Heart of Midlothian Edinburgh
35%
FC Südtirol Bozen
29%
Hammarby IF Stockholm
28%
UD Levante Valencia
24%
TSV Havelse Garbsen
12%
CA Osasuna Pamplona
10%
Manchester United Stretford-Old Trafford
6%
FC Red Bull Salzburg Wals-Siezenheim
3%
FC Hegelmann Kaunas
2%
Keine übereinstimmenden Quizze gefunden
Verteilung der Resultate
Anzahl Personen mit jedem Resultat
Perzentil nach korrekt beantworteten Fragen
Ihre Resultats-Entwicklung
Sie haben dieses Quiz noch nicht gespielt